00426nam a2200133Ia 450000500170000000800410001704100080005810000190006624500230008526000280010830000200013699900190015695201170017520251223131552.0251219s9999 xx 000 0 und d aeng aGuha R9216000 aIndia after gandhi bMacmillan / Indiac2007 a898bPaper Back c369535d369535 00104070aHIMRbHIMRd2025-12-12g595.00l0pHIMR-DB-3281r2025-12-23 13:15:52v297.50w2025-12-23yDBzDB3281